Padělky peněz nejen očima statistiky

Situácia falšovania peňazí v ČR a v zahraničí. Kvalita falzifikátov. Nízka úroveň kontroly pravosti peňazí. Falzifikáty eura a amerických dolárov.

Salvato in:
Dettagli Bibliografici
Autore principale: Surga, Leopold
Natura: Capitolo di libro
Lingua:ceco
Soggetti:
Tags: Aggiungi Tag
Nessun Tag, puoi essere il primo ad aggiungerne!!

MARC

LEADER 00000naa a2200000 4500
001 r041877
005 20231004072045.3
041 0 |a cze 
044 |a CZ 
245 1 0 |a Padělky peněz nejen očima statistiky  |c Leopold Surga 
520 |a Situácia falšovania peňazí v ČR a v zahraničí. Kvalita falzifikátov. Nízka úroveň kontroly pravosti peňazí. Falzifikáty eura a amerických dolárov. 
610 2 0 |a falzifikáty 
610 2 0 |a peniaze 
610 2 0 |a kvalita 
610 2 0 |a euro 
610 2 0 |a dolár 
610 2 0 |a Česko 
610 2 0 |a svet 
100 1 |a Surga, Leopold